| 000 | 00851cam a2200289 4500 | ||
|---|---|---|---|
| 008 | 090401t1995 xxu||||| |||| 00| 0 eng d | ||
| 020 | _a0854067027 | ||
| 035 | _a(Sirsi) u62429 | ||
| 041 | _aeng | ||
| 050 | _a336.39 | ||
| 090 | _aRICS 1995/79ABCDEF | ||
| 110 |
_aRoyal Institution of Chartered Surveyors _94900 |
||
| 245 | 4 | _aThe Private Finance Initiative: the essential guide | |
| 260 |
_aLondon _bRICS _c1995 |
||
| 300 | _a30p. ; 24cm. | ||
| 350 | _a10 | ||
| 520 | _aExplains how the PFI works in practice and the pitfalls to be avoided. | ||
| 650 | _aJOINT VENTURES | ||
| 650 | _aPARTNERING | ||
| 650 | _aPFI | ||
| 650 | _aPRIVATE FINANCE INITIATIVE | ||
| 650 | _aPRIVATE SECTOR INVESTMENT | ||
| 650 | _aPUBLIC SECTOR INVESTMENT | ||
| 690 | _aPROPERTY-PROPERTY FINANCE AND INVESTMENT | ||
| 942 | _n0 | ||
| 948 | _c04/03/1997 | ||
| 999 |
_c94408 _d94408 |
||